000 00288nam a2200133Ia 4500
100 _aMurphy James
942 _cBK
654 _aMetals
245 _aSurface Preparation & Finishes For Metals
260 _bMc Graw Hill
_c2001
082 _a671.7
300 _a493
546 _aENGLISH
999 _c24615
_d24615